Economía: (Registro nro. 6989)

Detalles MARC
000 -LEADER
fixed length control field 01861cam a2200385 a 4500
003 - CONTROL NUMBER IDENTIFIER
control field OSt
005 - DATE AND TIME OF LATEST TRANSACTION
control field 20201028105247.0
008 - FIXED-LENGTH DATA ELEMENTS--GENERAL INFORMATION
fixed length control field 991103t00001997ck ad 001 0 spa d
020 ## - INTERNATIONAL STANDARD BOOK NUMBER
International Standard Book Number 9586006409
040 ## - CATALOGING SOURCE
Original cataloging agency CO-BoPUJ
Transcribing agency CO-JMCR
041 1# - LANGUAGE CODE
Language code of text/sound track or separate title spa
Language code of original eng
082 04 - DEWEY DECIMAL CLASSIFICATION NUMBER
Classification number 330 /
Item number M129e
Edition number 23
100 1# - MAIN ENTRY--PERSONAL NAME
Personal name McConnell, Campbell Robertson
Relator term autor
9 (RLIN) 12085
245 10 - TITLE STATEMENT
Title Economía:
Remainder of title principios, problemas y políticas /
Statement of responsibility, etc. Campbell Robertson McConnell y Stanley L. Brue ; traducción Gladys Arango Medina y Magaly Bernal Osorio ; editoras Emma Ariza H., Martha Edna Suárez R.
250 ## - EDITION STATEMENT
Edition statement Decimotercera edición
260 ## - PUBLICATION, DISTRIBUTION, ETC.
Place of publication, distribution, etc. Santa Fe de Bogotá :
Name of publisher, distributor, etc. McGraw-Hill,
Date of publication, distribution, etc. 1997.
300 ## - PHYSICAL DESCRIPTION
Extent xxviii, 958 páginas :
Other physical details ilustraciones, gráficos ;
Dimensions 27 cm.
500 ## - GENERAL NOTE
General note Datos biográficos de los autores.
504 ## - BIBLIOGRAPHY, ETC. NOTE
Bibliography, etc. note Incluye glosario
505 0# - FORMATTED CONTENTS NOTE
Formatted contents note Introducción a la economía y a lo económico -- Ingreso nacional, empleo y política fiscal -- Moneda, banca y política monetaria -- Problemas y controversias en la macroeconomía -- Microeconomía de los mercados de producción -- Microeconomía de los mercados de factores productivos -- El gobierno y los problemas económicos actuales -- Teoría económica internacional y economía mundial
534 ## - ORIGINAL VERSION NOTE
Title statement of original Economics : principles, problems and policies
546 ## - LANGUAGE NOTE
Language note Traducción del inglés.
650 24 - SUBJECT ADDED ENTRY--TOPICAL TERM
Topical term or geographic name entry element Inflación
9 (RLIN) 4900
650 24 - SUBJECT ADDED ENTRY--TOPICAL TERM
Topical term or geographic name entry element Economía mixta
9 (RLIN) 5295
650 24 - SUBJECT ADDED ENTRY--TOPICAL TERM
Topical term or geographic name entry element Política fiscal
9 (RLIN) 12086
650 24 - SUBJECT ADDED ENTRY--TOPICAL TERM
Topical term or geographic name entry element Política monetaria
9 (RLIN) 12087
650 24 - SUBJECT ADDED ENTRY--TOPICAL TERM
Topical term or geographic name entry element Crecimiento económico
9 (RLIN) 3636
650 24 - SUBJECT ADDED ENTRY--TOPICAL TERM
Topical term or geographic name entry element Economía
9 (RLIN) 12088
700 1# - ADDED ENTRY--PERSONAL NAME
Personal name Ariza Herrera, Emma
Relator term editora
9 (RLIN) 12089
700 1# - ADDED ENTRY--PERSONAL NAME
Personal name Arango Medina, Gladys
Relator term traductora
9 (RLIN) 5433
700 1# - ADDED ENTRY--PERSONAL NAME
Personal name Bernal Osorio, Magaly
Relator term traductora
9 (RLIN) 12090
700 1# - ADDED ENTRY--PERSONAL NAME
Personal name Brue, Stanley L.
Relator term autor
9 (RLIN) 5770
700 1# - ADDED ENTRY--PERSONAL NAME
Personal name Suárez Rios, Martha Edna
Relator term editora
9 (RLIN) 12091
942 ## - ADDED ENTRY ELEMENTS (KOHA)
Source of classification or shelving scheme Dewey Decimal Classification
Koha item type Books
Existencias
Withdrawn status Lost status Source of classification or shelving scheme Damaged status Not for loan Home library Current library Shelving location Date acquired Source of acquisition Total Checkouts Full call number Barcode Date last seen Copy number Price effective from Koha item type
    Dewey Decimal Classification     Biblioteca Pública José María del Castillo y Rada Biblioteca Pública José María del Castillo y Rada General Stacks 04/15/2018 Donación   330 / M129e 201810234 05/16/2024 Ej.1 04/15/2018 Books